000 00747nam a2200289Ia 4500
001 35280
003 IT-RoPAU
008 130308s9999 xx 000 0 und d
040 _aIT-RoPAU
040 _cIT-RoPAU
041 _aITALIANO
100 _aVerdone Mario
100 _gCodice Aut. SPICS: 86
245 _aTeatro pirandelliano e futurismo
245 _bTeatro Contemporaneo-Appendice 2-1984
250 _a1a ed.
260 _aROMA
260 _bLucarini
260 _c1985 [1° Ed.:1985 - Ed.Ling.Originale:1985]
300 _a"13 p. (prefazione: no ; testo: 13 [pagine: 113-125])"
650 _aSTORIA DEL TEATRO
650 _eCodice materia Spics: 8408
942 _cBK
957 _71
999 _c62186
_d62186
999 _bSI
999 _g1